CFB Players who Changed Teams - Statistics

General Stats
  • This quiz has been taken 117 times
    116 since last reset
  • The average score is 9 of 24
Answer Stats
Year Drafted Teams Answer % Correct
Travis Hunter
91%
2025 Incarnate Word > Washington State > Miami (FL) Cam Ward
89%
2025 Jackson State > Colorado Shedeur Sanders
87%
2024 Oklahoma > USC Caleb Williams
83%
2020 Ohio State > LSU Joe Burrow
61%
2018 Texas Tech > Oklahoma Baker Mayfield
53%
2020 Alabama > Oklahoma Jalen Hurts
47%
2023 Georgia Tech > Alabama Jahmyr Gibbs
44%
2023 Pittsburgh > USC Jordan Addison
40%
2011 Florida > Blinn > Auburn Cam Newton
39%
2019 Texas A&M > Oklahoma Kyler Murray
36%
1998 Florida State > Marshall Randy Moss
35%
2012 NC State > Wisconsin Russell Wilson
34%
2022 Wake Forest > Michigan State Kenneth Walker
28%
2016 Garden City CC > Oklahoma State > West Alabama Tyreek Hill
27%
2005 Butte > California Aaron Rodgers
26%
2023 Alabama A&M > Independence CC > Houston Tank Dell
26%
2011 Central Michigan > Wisconsin J.J. Watt
18%
2019 Troy > Northwest Mississippi CC > East Carolina > Washington State Gardner Minshew
16%
1969 CC San Francisco > USC O.J. Simpson
15%
2017 Alabama > Hutchinson CC > Tennessee Alvin Kamara
14%
2020 Sierra > Arizona State Brandon Aiyuk
7%
2001 Santa Monica > Oregon State Chad Johnson
7%
2021 Cerritos > Oklahoma Rhamondre Stevenson
1%
No matching quizzes found
Score Distribution
Percent of People with Each Score
Percentile by Number Answered
Your Score History
You have not taken this quiz since the last reset